| 000 | 00512nam a2200169Ia 4500 | ||
|---|---|---|---|
| 008 | 230917s9999||||xx |||||||||||||| ||und|| | ||
| 020 | _cRS 295.00 | ||
| 040 |
_e5001001 _aMAIN |
||
| 041 | _aEnglish | ||
| 082 | _a641.5636 M829A | ||
| 100 | _aMorningstar, Amadea | ||
| 245 | 0 | _aAyurvedic cookbook: A personalized guide to good nutrition and health | |
| 260 |
_aDelhi _bMotilal Banarsidass Publishers _c2017 |
||
| 300 | _axiv, 350 p. | ||
| 500 | _a4500 25/01/2022 HBD22/9328 11/03/2022 Main Budget | ||
| 942 | _cBK | ||
| 999 |
_c5159 _d5159 |
||